000 00303nam a22001337a 4500
008 170825b xxu||||| |||| 00| 0 eng d
020 _a2900534551925
041 _aeng
080 _a070
100 _a40
101 _aMED
245 _aCONFIDENT PUBLIC SPEAKING
_cSELLNOV.D.D
942 _2udc
_cBK
999 _c24999
_d24999